| 000 | 02319nam a2200385 a 4500 | ||
|---|---|---|---|
| 001 | ebr10671406 | ||
| 003 | CaPaEBR | ||
| 006 | m u | ||
| 007 | cr cn||||||||| | ||
| 008 | 091124s2010 nyua sb 001 0 eng d | ||
| 010 | _z 2009049859 | ||
| 020 | _z9781608769766 (softcover) | ||
| 020 | _z9781613244609 (e-book) | ||
| 040 |
_aCaPaEBR _cCaPaEBR |
||
| 035 | _a(OCoLC)739712885 | ||
| 050 | 1 | 4 |
_aHV5740 _b.S69 2010eb |
| 082 | 0 | 4 |
_a616.86/506 _222 |
| 100 | 1 | _aSnyder, John E. | |
| 245 | 1 | 0 |
_aBreaking down barriers to care _h[electronic resource] : _btreatment of tobacco dependence in vulnerable populations / _cJohn E. Snyder and Megan J. Engelen. |
| 260 |
_aNew York : _bNova Science Publishers, _cc2010. |
||
| 300 |
_axi, 105 p. : _bill. |
||
| 490 | 1 | _aNovinka | |
| 490 | 1 | _aPublic health in the 21st century | |
| 504 | _aIncludes bibliographical references and index. | ||
| 505 | 0 | _aTobacco dependence treastment and culture -- Tobacco dependence treatment and female gender -- Tobacco dependence treatment in adolescents and young adults -- Tobacco dependence treatment in older adults --Tobacco dependence treatment and patient race and ethnicity -- Tobacco dependence treatment and patient sexual orientation -- Tobacco dependence treatment and patient native language -- Tobacco dependence and cultural barriers: conclusions -- Tobacco dependence and systematic barriers -- Tobacco dependence treatment in the urban poor -- Tobacco dependence treatment and the rural poor -- Tobacco dependence treatment in the illiterate -- Tobacco dependence treatment in those with comorbid mental illness -- Tobacco dependence treatment in the under- and uninsured -- Tobacco dependence treatment and systematic barriers: conclusions. | |
| 533 |
_aElectronic reproduction. _bPalo Alto, Calif. : _cebrary, _d2013. _nAvailable via World Wide Web. _nAccess may be limited to ebrary affiliated libraries. |
||
| 650 | 0 | _aSmoking. | |
| 650 | 0 |
_aNicotine addiction _xTreatment. |
|
| 655 | 7 |
_aElectronic books. _2local |
|
| 700 | 1 | _aEngelen, Megan J. | |
| 710 | 2 | _aebrary, Inc. | |
| 830 | 0 | _aPublic health in the 21st century series. | |
| 830 | 0 | _aNovinka (Series) | |
| 856 | 4 | 0 |
_uhttp://site.ebrary.com/lib/rucke/Doc?id=10671406 _zAn electronic book accessible through the World Wide Web; click to view |
| 999 |
_c163430 _d163430 |
||